000 00449nam a2200169 a 4500
005 20140310183203.0
008 030124s19uu xx 00 eng d
020 _a9780140350135
050 _aPR 4622
_b.D754 1981
100 _aDoyle, Arthur Conan
245 _aThe Lost world /
_cSir Arthur Conan Doyle.
260 _aEngland :
_bPuffin Books,
_c1981.
300 _a263 p. :
_c18 cm.
650 _aFiction
942 _cBK
_2lcc
999 _c19907
_d19907